=LDR 00000nam 2200000 4500 =001 INLIS000000001054063 =005 20251028082808 =035 ##$$a 0010-1025000010 =007 ta =008 251028################a##########0###### =082 ##$$a 028.55 =084 ##$$a 028.55 CHA k =100 #$$a Cha Bo-Gem =245 1#$$a Kaget, kan? /$c Cha Bo-Gem =260 ##$$a Seoul, korea :$b Kyowon Kumon Co. Ltd,$c 2018 =300 ##$$a 36 halaman : $b ilustrasi ; $c 21,5 x 25,5 cm =650 #4$$a Bacaan Kanak-kanak =990 ##$$a 09280928